| 000 | 00671cam a2200217 4500500 | ||
|---|---|---|---|
| 005 | 20260329004036.0 | ||
| 041 | _afre | ||
| 042 | _adc | ||
| 100 | 1 | 0 |
_aLegros, Martin _eauthor |
| 245 | 0 | 0 | _aPascal Chabot-Laurence Devillers. Robots pour être vrais ? |
| 260 | _c2018. | ||
| 500 | _a67 | ||
| 690 | _aImitation | ||
| 690 | _aIntelligence Artificielle | ||
| 690 | _aLaurence Devillers | ||
| 690 | _aPascal Chabot | ||
| 690 | _aRobot | ||
| 690 | _aSimulation | ||
| 786 | 0 | _nPhilosophie magazine | 118 | 4 | 2018-04-01 | p. 32-32 | 1951-1787 | |
| 856 | 4 | 1 | _uhttps://shs.cairn.info/magazine-philosophie-magazine-2018-4-page-32?lang=fr&redirect-ssocas=7080 |
| 999 |
_c1830055 _d1830055 |
||